000 00266nam a22001097a 4500
020 _a978075664528
100 _a Heather Scott
245 _aThe clone wars: Jedi adventures
260 _a; New York
_b Dorling Kindersley
_c2009
490 _aStar wars
942 _cBK
999 _c262935
_d262934